000 00767nam a2200241Ia 4500
001 4928
003 GE_BSU
008 181216s||||||||xx |||||||||||||| ||und||
040 _cGE_BSU
080 _a624.012.45(075.8)
100 _aБайков,В.Н. Сигалов,Э.Е.
245 _aЖелезобетонные конструкции. Общий курс.
245 _bУчебник для вузов.
245 _cРед.болотина.
250 _aизд. 3-е, исправленное.
260 _aМ.
260 _bСтройиздат.
260 _c1978.
300 _a767стр.22см.
300 _eЧертеж. Приложения:стр.735-742.
653 _aЖелезобетонные конструкции.
942 _cBK
999 _c38683
_d38683